000 00794nam a2200241Ia 4500
008 191130s2004##################000#0#eng##
020 _a9780691120126
040 _aACL
_cACL
082 _a338.43378 BOK
100 _aBok, Derek
245 _aUniversities in the marketplace: the commercialization of higher education
_cDerek Bok
250 _a1st edition
260 _aPrinceton, NJ
_bPrinceton University Press
_c2004
300 _axi, 233p. : ill, 23cm
500 _aIncludes bibliographical references and index
650 _aBusiness and education
650 _aEducation, Higher--Economic aspects
650 _aUnited States
650 _aUniversities and colleges--Sociological aspects
990 _a70f615bbac10000c4034b8e4aaaefcf8
991 _a185530
999 _c86565
_d86565